000 00508nam a2200217Ia 4500
008 210210b2011 xxu||||| |||| 00| 0 eng d
020 _a9780749462666
082 _a658.15 BARP
100 _aBARROW (Colin)
245 _aPractical financial management Ed 8
250 _a
260 _aLondon
_bKogan Page
_c2011
300 _axii,243
650 _aPractical
650 _amanagement
650 _afinancial
650 _aEd
650 _a8
690 _aFinancial Management
906 _a065719
999 _c146980
_d146980